000 00357nam a2200145Ia 4500
008 150201s2001 xx 000 0 und d
082 _a612
_bH2001A
100 _aAGARWAL,G.C.
245 _aHANDBOOK OF PHYSIOLOGY WITH MCQS
250 _a1ST
260 _bJAYPEE MEDICAL PUBLISHER
_a175
_c2001
300 _a1-385
650 _aPHYSIOLOGY
942 _2ddc
_cBK
999 _c2489
_d2489